[Event "Autonomico-chT"]
[Site "Aragon"]
[Date "2005.02.26"]
[Round "5.23"]
[White "Munoz Munoz, Juan Carlos"]
[Black "Hernando Wilson, Antonio"]
[Result "1/2-1/2"]
[WhiteElo "2169"]
[BlackElo "2169"]
[PlyCount "32"]
[EventDate "2005.01.22"]
[EventType "team-tourn"]
[EventRounds "12"]
[EventCountry "ESP"]
[SourceTitle "EXT 2006"]
[Source "ChessBase"]
[SourceDate "2005.11.24"]
[SourceVersion "1"]
[SourceVersionDate "2005.11.24"]
[SourceQuality "1"]

1. d4 d5 2. Nf3 Nf6 3. c4 c6 4. Nc3 Bf5 5. e3 e6 6. Be2 Nbd7 7. 0-0 Be7 8. Nh4 Bg6 9. Nxg6 hxg6 10. Qc2 Qc7 11. g3 0-0 12. e4 Nxe4 13. Nxe4 dxe4 14. Qxe4 Nf6 15. Qc2 Rfd8 16. Be3 Rd7 1/2-1/2

[Event "Autonomico-chT"]
[Site "Aragon"]
[Date "2005.02.12"]
[Round "3.7"]
[White "Antoli Royo, Joaquin Miguel"]
[Black "Munoz Munoz, Juan Carlos"]
[Result "1-0"]
[WhiteElo "2278"]
[BlackElo "2169"]
[PlyCount "137"]
[EventDate "2005.01.22"]
[EventType "team-tourn"]
[EventRounds "12"]
[EventCountry "ESP"]
[SourceTitle "EXT 2006"]
[Source "ChessBase"]
[SourceDate "2005.11.24"]
[SourceVersion "1"]
[SourceVersionDate "2005.11.24"]
[SourceQuality "1"]

1. e4 c5 2. Nf3 g6 3. d4 cxd4 4. Qxd4 Nf6 5. e5 Nc6 6. Qa4 Nd5 7. Qe4 Nc7 8. Nc3 Bg7 9. Bc4 0-0 10. 0-0 d6 11. exd6 exd6 12. Bg5 Qe8 13. Qh4 Be6 14. Ne4 f6 15. Bxe6+ Qxe6 16. Rfe1 Ne5 17. Nd4 Qe7 18. Bh6 Rae8 19. Bxg7 Kxg7 20. f4 Nf7 21. Nc5 dxc5 22. Rxe7 Rxe7 23. Nb3 c4 24. Nd4 Rfe8 25. Qg3 Nd6 26. f5 Ne4 27. Qa3 a6 28. Qa5 b5 29. Qb6 Nd5 30. Qxa6 c3 31. b3 Nd2 32. Ne6+ Kf7 33. Qc6 gxf5 34. Qxd5 Rxe6 35. Re1 b4 36. h4 f4 37. Rxe6 Rxe6 38. h5 Ne4 39. Qb7+ Re7 40. Qxb4 Ng3 41. Kh2 Nxh5 42. Qxc3 Kg6 43. a4 Ng3 44. Qd3+ Kg5 45. Qd5+ Re5 46. Qg8+ Kh6 47. Qf8+ Kg6 48. Kh3 h5 49. Qg8+ Kh6 50. Qf7 Kg5 51. Qg7+ Kf5 52. Qh7+ Kg5 53. Qg7+ Kf5 54. Qd7+ Kg5 55. Qd1 Ne4 56. Kh2 Nf2 57. Qa1 Ng4+ 58. Kg1 Re2 59. a5 Ne3 60. a6 Rxg2+ 61. Kh1 f3 62. a7 Ng4 63. Qg1 Rxg1+ 64. Kxg1 f2+ 65. Kf1 Kf4 66. a8Q h4 67. Qh1 Kg3 68. Qg2+ Kf4 69. Qh3 1-0

[Event "Autonomico-chT"]
[Site "Aragon"]
[Date "2005.02.05"]
[Round "2.23"]
[White "Moreno Gracia, Daniel"]
[Black "Munoz Munoz, Juan Carlos"]
[Result "0-1"]
[WhiteElo "1921"]
[BlackElo "2169"]
[PlyCount "76"]
[EventDate "2005.01.22"]
[EventType "team-tourn"]
[EventRounds "12"]
[EventCountry "ESP"]
[SourceTitle "EXT 2006"]
[Source "ChessBase"]
[SourceDate "2005.11.24"]
[SourceVersion "1"]
[SourceVersionDate "2005.11.24"]
[SourceQuality "1"]

1. e4 g6 2. d4 Bg7 3. Nf3 c5 4. c4 cxd4 5. Nxd4 Nc6 6. Nc2 Nf6 7. Nc3 0-0 8. Be2 b6 9. 0-0 Bb7 10. f3 Rc8 11. Ne3 d6 12. Qd2 Nd7 13. b3 Nc5 14. Bb2 Ne6 15. Ncd5 Ned4 16. Rad1 e6 17. Nc3 Qf6 18. Kh1 e5 19. Nb5 Nxb5 20. cxb5 Nd4 21. Bc4 Rfd8 22. f4 exf4 23. Nc2 Nxb3 24. Bxb3 Qxb2 25. Rxf4 Bh6 26. Qf2 Bxf4 27. Qxf4 Rf8 28. Nd4 Rce8 29. Nc6 Qc3 30. Rf1 Bxc6 31. bxc6 Re7 32. Qxd6 Qe5 33. Qxe5 Rxe5 34. Bd5 Kg7 35. Rc1 f5 36. c7 fxe4 37. Bb7 Rc5 38. Rxc5 Rf1# 0-1

[Event "Aragon-chT"]
[Site "Spain"]
[Date "2004.03.20"]
[Round "8.3"]
[White "Gimenez Rebollo, Pablo"]
[Black "Munoz Munoz, Juan Carlos"]
[Result "0-1"]
[WhiteElo "1970"]
[BlackElo "2165"]
[PlyCount "44"]
[EventDate "2004.01.??"]
[EventType "team-tourn"]
[EventRounds "11"]
[EventCountry "ESP"]
[SourceTitle "EXT 2006"]
[Source "ChessBase"]
[SourceDate "2005.11.24"]
[SourceVersion "1"]
[SourceVersionDate "2005.11.24"]
[SourceQuality "1"]

1. e4 c5 2. Nf3 Nc6 3. d4 cxd4 4. Nxd4 g6 5. Nc3 Bg7 6. Be3 Nf6 7. Be2 0-0 8. h4 h5 9. g4 Nxg4 10. Bxg4 hxg4 11. Qd2 Ne5 12. b3 Qa5 13. 0-0-0 Nf3 14. Qd3 b6 15. Kb2 Ba6 16. Ncb5 Bxb5 17. c4 Bc6 18. Kb1 Qe5 19. Qe2 Qxe4+ 20. Nc2 Qe5 21. Nd4 Nxd4 22. Rxd4 Bxh1 0-1

[Event "Aragon-chT"]
[Site "Spain"]
[Date "2004.03.13"]
[Round "7"]
[White "Munoz Munoz, Juan Carlos"]
[Black "Valles Mata, David"]
[Result "1/2-1/2"]
[WhiteElo "2165"]
[BlackElo "2126"]
[PlyCount "134"]
[EventDate "2004.01.??"]
[EventType "team-tourn"]
[EventRounds "11"]
[EventCountry "ESP"]
[SourceTitle "EXT 2006"]
[Source "ChessBase"]
[SourceDate "2005.11.24"]
[SourceVersion "1"]
[SourceVersionDate "2005.11.24"]
[SourceQuality "1"]

1. d4 Nf6 2. Nf3 e6 3. g3 c5 4. Bg2 Nc6 5. 0-0 cxd4 6. Nxd4 Qb6 7. Nb3 d5 8. Be3 Qd8 9. Nc3 Be7 10. Bc5 Bxc5 11. Nxc5 b6 12. Nb3 Bb7 13. Nd4 Nxd4 14. Qxd4 0-0 15. Rfd1 Qe7 16. Qe5 Qc5 17. e3 Rac8 18. Rac1 Rfd8 19. Qd4 Qe7 20. Qh4 Rc4 21. Rd4 Rxd4 22. Qxd4 Rc8 23. b3 Qa3 24. Rd1 Qa5 25. b4 Qa3 26. Nb5 Qxa2 27. Nd6 Rc7 28. c4 Rd7 29. c5 bxc5 30. Qxc5 Qa6 31. Nb5 Bc6 32. Rc1 Bb7 33. Nxa7 h6 34. b5 Qd6 35. Qxd6 Rxd6 36. Rc7 Rb6 37. Bf1 Kf8 38. Bd3 Ne8 39. Rd7 Nf6 40. Rd8+ Ke7 41. Rb8 Nd7 42. Rg8 Kf6 43. h4 e5 44. Kf1 Rd6 45. g4 d4 46. exd4 Rxd4 47. Be2 Rd6 48. Rd8 Ke7 49. Rg8 Kf6 50. f3 Rb6 51. Kf2 Rd6 52. Ke3 Rb6 53. Bc4 Rd6 54. f4 exf4+ 55. Kf2 f3 56. Nc8 Bxc8 57. Rxc8 Nb6 58. Rc5 Nxc4 59. Rxc4 Rb6 60. Rb4 Ke5 61. Kxf3 Kd5 62. Kf4 Kc5 63. Re4 Rf6+ 64. Ke5 Kxb5 65. Kd5 Rf1 66. Kd6 Rf6+ 67. Kd5 Rf1 1/2-1/2

[Event "Aragon-chT"]
[Site "Spain"]
[Date "2004.02.14"]
[Round "3"]
[White "Alonso Blasco, Jose Miguel"]
[Black "Munoz Munoz, Juan Carlos"]
[Result "1/2-1/2"]
[WhiteElo "2092"]
[BlackElo "2165"]
[PlyCount "92"]
[EventDate "2004.01.??"]
[EventType "team-tourn"]
[EventRounds "11"]
[EventCountry "ESP"]
[SourceTitle "EXT 2006"]
[Source "ChessBase"]
[SourceDate "2005.11.24"]
[SourceVersion "1"]
[SourceVersionDate "2005.11.24"]
[SourceQuality "1"]

1. e4 g6 2. d4 Bg7 3. Nf3 c5 4. c3 d5 5. Bb5+ Bd7 6. Bxd7+ Qxd7 7. exd5 Qxd5 8. 0-0 Nc6 9. dxc5 Nf6 10. Qxd5 Nxd5 11. Nbd2 0-0 12. Nb3 Rfd8 13. Re1 Rd7 14. g3 Rad8 15. Bg5 a5 16. a4 h6 17. Bd2 Nc7 18. Bf4 Ne6 19. Be5 Rd5 20. Bxg7 Kxg7 21. Nfd4 Nexd4 22. cxd4 e6 23. Re4 Nxd4 24. Nxa5 f5 25. Rxd4 Rxd4 26. Nxb7 Rb8 27. c6 Rc4 28. Rd1 Rxc6 29. Rd7+ Kf6 30. a5 Ke5 31. b4 Rc1+ 32. Kg2 Rb1 33. Nc5 g5 34. a6 Ra8 35. Rb7 Kd5 36. Rb6 Rxb4 37. Rxb4 Kxc5 38. Rb7 Rxa6 39. h4 Kd5 40. Rg7 gxh4 41. gxh4 e5 42. Rd7+ Ke4 43. h5 f4 44. Rf7 Rb6 45. Rf8 Ra6 46. Rf7 Rb6 1/2-1/2

[Event "Aragon-chT"]
[Site "Spain"]
[Date "2004.??.??"]
[Round "?"]
[White "Munoz Munoz, Juan Carlos"]
[Black "De la Rocha Prieto, Ramon"]
[Result "0-1"]
[WhiteElo "2165"]
[BlackElo "2311"]
[PlyCount "60"]
[EventDate "2004.01.??"]
[EventType "team-tourn"]
[EventRounds "11"]
[EventCountry "ESP"]
[SourceTitle "EXT 2006"]
[Source "ChessBase"]
[SourceDate "2005.11.24"]
[SourceVersion "1"]
[SourceVersionDate "2005.11.24"]
[SourceQuality "1"]

1. e4 e6 2. d4 d5 3. Nd2 Be7 4. Bd3 c5 5. exd5 Qxd5 6. Ngf3 cxd4 7. 0-0 Nf6 8. Bc4 Qd6 9. Nb3 a6 10. Nbxd4 Qc7 11. Qe2 0-0 12. Bg5 b5 13. Bb3 Bb7 14. Rfe1 Nc6 15. Rad1 Kh8 16. Nxc6 Qxc6 17. c3 Rad8 18. h3 Bc5 19. Bc2 Rxd1 20. Rxd1 Nd5 21. Qe4 f5 22. Qh4 Qc7 23. Re1 Nf6 24. Ne5 Kg8 25. Bb3 Bd5 26. Bxd5 Nxd5 27. Nd3 Re8 28. Nxc5 Qxc5 29. Qg3 Kf7 30. Qe5 Qc7 0-1